000
00352nam a2200133 4500
999
_c
508015
_d
508015
008
190305b ||||| |||| 00| 0 eng d
100
_a
Habibullah, Wajahat
_9
2990
245
_a
Shifting positions
260
_c
2018
300
_a
p.37-42.
773
_a
Seminar
906
_a
Kashmir - Politics and government
942
_2
ddc
_c
AR